Statystyki dla Najczęściej wygrywające kluby - Liga Europy

Kliknij tutaj aby rozwiązać quiz!

Ogólne statystyki

  • Ten quiz został rozwiązany 298 razy
  • Średni wynik to 11 z 28

Statystyki odpowiedzi

Liczba wygranychKlub% Poprawnych
7Sevilla
94%
1Manchester United
79%
2Chelsea
69%
2Real Madryt
65%
3Liverpool
64%
3Atlético Madryt
63%
3Inter Mediolan
62%
1Ajax Amsterdam
57%
3Juventus
56%
2FC Porto
50%
2Tottenham
42%
1PSV
39%
2Eintracht Frankfurt
35%
1SSC Napoli
35%
1Bayern Monachium
34%
1Valencia CF
31%
2Feyenoord
29%
1Zenit Petersburg
29%
1Szachtar Donieck
28%
1Bayer 04 Leverkusen
25%
1CSKA Moskwa
22%
1FC Schalke 04
17%
1Galatasaray SK
16%
1Anderlecht
14%
2Parma
14%
2IFK Göteborg
10%
2Borussia Mönchengladbach
9%
1Ipswich Town
4%

Rozkład punktacji

Percentyl według liczby udzielonych odpowiedzi

Procent ludzi z każdym wynikiem

Twoja historia wyników

Nie rozwiązałeś tego quizu